Posiciones metafísicas fundamentales del pensamiento occidental: ejercicios en el semestre de invierno de 1937-1938
Αποθηκεύτηκε σε:
| Κύριος συγγραφέας: | |
|---|---|
| Άλλοι συγγραφείς: | |
| Μορφή: | Βιβλίο |
| Γλώσσα: | Ισπανικά |
| Έκδοση: |
Barcelona
Herder
2011
|
| Θέματα: | |
| Ετικέτες: |
Προσθήκη ετικέτας
Δεν υπάρχουν, Καταχωρήστε ετικέτα πρώτοι!
|
MARC
| LEADER | 00000cam a2200000 a 4500 | ||
|---|---|---|---|
| 001 | UCF7541 | ||
| 003 | CL-VaPUC | ||
| 005 | 20250131110046.0 | ||
| 008 | 130627e20110000SP |||||||||||||||||spa|d | ||
| 999 | |c 352364 |d 352362 | ||
| 020 | |a 9788425427343 | ||
| 040 | |c Pontificia Universidad Católica de Valparaíso | ||
| 082 | 0 | 4 | |a 110 |b HEI |2 21 |
| 100 | |a Heidegger, Martin |e autor |9 896069 | ||
| 245 | 1 | 0 | |a Posiciones metafísicas fundamentales del pensamiento occidental: ejercicios en el semestre de invierno de 1937-1938 |
| 260 | |a Barcelona |b Herder |c 2011 | ||
| 300 | |a 229 p | ||
| 583 | |a last modification |c 20130627 13:18:00 |k Rodrigo Vera | ||
| 650 | 0 | |a Metafísica |9 265649 | |
| 650 | 7 | |a FILOSOFOS ALEMANES |2 CL-VaPUC |9 569595 | |
| 700 | |a Ciria Cosculluela, Alberto |e traductor |9 863556 | ||
| 942 | |c BK |2 ddc | ||
| 945 | |d 20130627 00:00:00 |a dcastane | ||
| 952 | |0 0 |1 0 |4 0 |6 110_000000000000000_HEI_2011 |7 0 |8 A |9 456853 |a BIBEDU |b BIBEDU |d 2019-11-22 |i 4980611 |l 4 |m 2 |o 110 HEI 2011 |p 4980611 |q 2024-08-02 |r 2024-07-03 |s 2024-07-03 |w 2019-11-22 |y BK |k FIL | ||